00719nam a2200169 a 450000100100000000500170001000800410002704000250006808200150009311000820010824501230019026000760031330000210038904900090041095201130041999900170053200002682620200930030432.0110325s1986 dr 000 0 spa d aDO-SdBNPbspacBNPHU axxxbR426i1 aRepública DominicanabSecretaría de Estado de Industria y Comercio93670410aInformative guide of incentives for applicants of the law 409 of agroindustrial development, incentive and protection. aSanto Domingo :bSecretaría de Estado de Industria y Comercio,c1986. a101 p. ;c24 cm. aBNPD 0010718PDaPDbPDcCTd2011-03-25iLF1l0oxxx R426ip26826-10r2020-06-25w2020-06-25yLFPDZNo se presta c26318d26318